Penología (Registro nro. 7677)

Detalles MARC
000 -Cabecera
Campo de control de longitud fija 01181nam a22004577a 4500
005 - Fecha y hora de la última transacción
Campo de control 20260413170058.0
008 - Elementos de longitud fija--Información general
Campo de control de longitud fija 160223b2011 xxu||||| |||| 00| 0 spa d
020 ## - International Standard Book Number
Número Internacional Estándar del Libro (ISBN) 9786070906497
041 ## - Idioma
Código de idioma Español
082 ## - Clasificación Decimal Dewey
Número de clasificación 364.6 R466p3
100 ## - Entrada principal--Autor personal
Nombre personal Reynoso Dávila, Roberto
9 (RLIN) 4900
245 ## - Título propiamente dicho
Título Penología
250 ## - Edición
Mención de edición 3 edición
260 ## - Pie de imprenta
Lugar de publicación, distribución, etc. México
260 ## - Pie de imprenta
Nombre del editor, distribuidor, etc. Porrúa
260 ## - Pie de imprenta
Fecha de publicación, distribución, etc. 2011
300 ## - Descripción física
Extensión 440 páginas
490 ## - Serie
Título de la Serie Investigación Criminal
650 ## - Materia general
Temática (materia general) PENOLOGÍA
650 ## - Materia general
Temática (materia general) SANCIONES PENALES
650 ## - Materia general
Temática (materia general) PENA
650 ## - Materia general
Temática (materia general) TEORÍAS ABSOLUTAS
650 ## - Materia general
Temática (materia general) TEORÍAS RELATIVAS
650 ## - Materia general
Temática (materia general) TEORÍAS MIXTAS
650 ## - Materia general
Temática (materia general) PREVENCIÓN
650 ## - Materia general
Temática (materia general) INDIVIDUALIZACIÓN PENAL
650 ## - Materia general
Temática (materia general) CLASIFICACIÓN DE PENAS
650 ## - Materia general
Temática (materia general) PENAS CORPORALES
650 ## - Materia general
Temática (materia general) PENAS DE MUERTE
650 ## - Materia general
Temática (materia general) RELEGACIÓN
650 ## - Materia general
Temática (materia general) PROCESO DE EJECUCIÓN DE PENA
650 ## - Materia general
Temática (materia general) PRISIÓN PREVENTIVA
650 ## - Materia general
Temática (materia general) LIBERTAD PROVISIONAL
650 ## - Materia general
Temática (materia general) SANCIONES PECUNIARIAS
650 ## - Materia general
Temática (materia general) PRIVACIÓN
650 ## - Materia general
Temática (materia general) SUSPENSIÓN DE DERECHOS
650 ## - Materia general
Temática (materia general) REINCIDENCIA
650 ## - Materia general
Temática (materia general) LIBERTAD CONDICIONAL
650 ## - Materia general
Temática (materia general) CONDUCTA
942 ## - Punto de acceso adicional KOHA
Tipo de ítem KOHA Libro
Fuente del sistema de clasificación o colocación Dewey Decimal Classification
Existencias
Signatura completa Código de barras Programa Académico Tipo de ítem
364.6 R466p3 16692 Investigación Criminal Libro